Път (Запис номер 157464)
[ съкратено ]
| 000 -Лидер | |
|---|---|
| Контролно поле с фиксирана дължина | 01988nam a2200409 c 4500 |
| 003 - Код на организацията, давaща контролен номер | |
| Контролно поле | BLK |
| 005 - Дата и час на последна редакция | |
| Контролно поле | 20180422113525.0 |
| 008 - Елементи от данни с фиксирана дължина | |
| fixed length control field | 180410b bul|||||r ||||||| ||bul|| |
| 010 ## - Наследен системен номер | |
| LC control number | KNG00164408000 |
| 020 ## - Международен стандартен номер на книга ISBN | |
| Международен стандартен номер на книга ISBN | 978-954-9992-39-7 |
| -- | издат.: Фонд. Комунитас |
| 040 ## - Източник на каталожния запис | |
| Идентификатор на билиотеката - собственик на записа | BLK |
| 041 ## - Код за език | |
| Код за езика на текст/звукозапис или на отделно заглавие | Български |
| Код за езика КДБФ | Български |
| 072 #7 - Код за тематичната категория | |
| Код организация | bullib |
| Код за тематична категория | Н20 |
| Текст | Религия. Теология Н |
| 080 ## - УДК | |
| Текстов определител УДК | Религиозен морал - Свобода на волята, съвест, добродетели, грехове, 10-те Божи заповеди, изповеди, причастия, пости, съсловни задължения на духовниците. Вж и 172;174;291. 5 |
| УДК код - определител по УДК | 241 |
| УДК определител | |
| УДК - код + определител | 241 |
| 100 1# - Редна дума - Автор | |
| Автор | Ескрива, св. Хосемария |
| Авторска отговорност | първи автор |
| R(LIN) | 333758 |
| 139 ## - Редно поле | |
| Редна дума | Ескрива, Хосемария св. |
| Авторски знак | Еск - Е 88 |
| 245 10 - Сведения за заглавието | |
| Заглавие | Път |
| Редно поле (дума) | * Хосемария, свети Ескрива; св. Хосемария Ескрива; прев. Константин Димитров; прев. Борис Стойков. |
| 257 ## - Страна на издаване | |
| Страна на създаване/издаване | Испания |
| 260 ## - Област на издателските данни | |
| -- | София |
| Име на издателя, разпространителя и проч. | Фонд. Комунитас |
| Година на издаване | 2013 |
| Печатница | София : Д. Благоев |
| 300 ## - Физическа характеристика | |
| Страници | 344 с. |
| Размери/Мащаб | 15 см |
| 380 ## - Жанр | |
| Жанр | Религия. Теология |
| 490 1# - СЕРИИ (Колекции) | |
| Име на серия | Християнска библиотека |
| 500 ## - Общи забележки | |
| Забележка | Ориг. загл.: Camino /Josemaria Escriva de Balaguer y Albas. - За автора: с. 13-18. - Тематичен показалец |
| 650 #4 - Допълнително описание по предмет – тема | |
| Основно описание – тема или топоним | Морал, религиозен |
| 9 (RLIN) | 242678 |
| 653 ## - Ключова дума – ненормативна | |
| Ключова дума | религиозен морал |
| 653 ## - Ключова дума – ненормативна | |
| Ключова дума | духовност |
| 653 ## - Ключова дума – ненормативна | |
| Ключова дума | вяра |
| 659 ## - Тематичен бюлетин | |
| Тематичен бюлетин | Н |
| 700 1# - Други автори (авторска отговорност) | |
| Лично име | Ескрива, Хосемария, свети |
| Автороска отговорност (Описва отношението между автора и произведението) | * |
| 9 (RLIN) | 333757 |
| 700 1# - Други автори (авторска отговорност) | |
| Лично име | Димитров, Константин |
| Автороска отговорност (Описва отношението между автора и произведението) | прев. |
| 9 (RLIN) | 368039 |
| 700 1# - Други автори (авторска отговорност) | |
| Лично име | Стойков, Борис |
| Автороска отговорност (Описва отношението между автора и произведението) | прев. |
| 9 (RLIN) | 333759 |
| 852 ## - Местоположение | |
| Форматна сигнатура | Цб І 35630 |
| 856 4# - Електронен адрес и достъп | |
| Електронен формат | pdf - файл |
| Път до файла /url/ | |
| 856 4# - Електронен адрес и достъп | |
| Електронен формат | pdf - файл |
| Път до файла /url/ | |
| 942 ## - АРТИКУЛИ | |
| Вид на библиотечния материал | Книги |
| Скрит в OPAC | Не |
| 944 ## - СЪЗДАВАНЕ И РЕДАКЦИЯ на ЗАПИСА | |
| Създаване/Редакция | Създаване |
| Дата на регистрацията/редакция | 27.08.2014 |
| Служител, извършил регистрацията/редакцията | Пенка_Димитрова |
| 944 ## - СЪЗДАВАНЕ И РЕДАКЦИЯ на ЗАПИСА | |
| Създаване/Редакция | Редакция |
| Дата на регистрацията/редакция | 15.04.2015 |
| Служител, извършил регистрацията/редакцията | Геновева_Генчева |
| 999 ## - СИСТЕМНИ КОНТРОЛНИ НОМЕРА | |
| Koha biblionumber | 157464 |
| Koha biblioitemnumber | 157464 |
| Код за отписване | Код за изгубен артикул | Код за повреда | Коз за рестрикции | Код за отдаване | Артикулен № | Име на библиотеката - собственик | Име на библиотеката, в която се намира в момента | Статус (Текущо местоположение) | Дата на вписване в системата | Местоположение - отдел | Цена в лева | Инвентарен номер | Систематично азбучна сигнатура | Баркод | Номер на екземпляра | Цена в евро | Служебна бележка | Служебен тип на артикула |
|---|---|---|---|---|---|---|---|---|---|---|---|---|---|---|---|---|---|---|
| Не е изгубен | Не е повреден | без рестрикции | ползва се в читалня | 263789 | Регионална библиотека "Любен Каравелов" Русе | Регионална библиотека "Любен Каравелов" Русе | Хранилище | 2014-09-04 | Хранилище | 8.00 | 120000780229 | Цб І 35630 | 120000780229 | 1 | 4.09 | Дост: Dp Вид: Д N: 47 Дата: 18.11.2013 | Книги |